| 000 | 00376nam a22001217a 4500 | ||
|---|---|---|---|
| 082 | _a220 PRO | ||
| 100 |
_aAHMAD, NOUMAN, ESAAM, _972047 |
||
| 245 | _aPR-SOF-1274-THERMAL ENERGY AUDITING AND DESIGNING A SYSTEM FOR WASTE HEAT RECOVERY | ||
| 260 |
_aISLAMABAD _bNUST COLLEGE OF EME _c2013 |
||
| 650 | _aDE-MECH-31 | ||
| 700 |
_aSUPERVISOR AHMED SOHAIL KHAN _972048 |
||
| 942 | _cCR | ||
| 999 |
_c578253 _d578253 |
||